000
00473nam a2200169Ia 4500
008
090711s9999 xx 000 0 und d
082
_b
60315
100
_a
कर्णिक मधु मंगेश
245
_a
गुंजा
260
_c
1965
300
_a
169
600
_a
कर्णिक मधु मंगेश
630
_a
गुंजा
700
_a
कर्णिक मधु मंगेश
730
_a
गुंजा
942
_c
BOOK
999
_c
314745
_d
314745